[Event "Poti Aleksandria Cup 7th"]
[Site "Poti"]
[Date "2012.07.14"]
[Round "1"]
[White "Beradze, Irakli"]
[Black "Kokhreidze, Tatia"]
[Result "1-0"]
[WhiteElo "2327"]
[BlackElo "1600"]
[PlyCount "53"]
[EventDate "2012.07.14"]
[EventType "swiss"]
[EventRounds "9"]
[EventCountry "GEO"]
[SourceTitle "CBM 149 Extra"]
[Source "ChessBase"]
[SourceDate "2012.08.24"]
[SourceVersion "1"]
[SourceVersionDate "2012.08.24"]
[SourceQuality "1"]

1. e4 c6 2. c4 d5 3. exd5 cxd5 4. d4 Nf6 5. Nc3 e6 6. Nf3 Bb4 7. cxd5 Nxd5 8. Bd2 Nc6 9. Bd3 Be7 10. 0-0 0-0 11. Rc1 Nf6 12. Be3 Bd7 13. Bb1 Re8 14. a3 Bf8 15. Bg5 a6 16. Ne5 Be7 17. Bxf6 Bxf6 18. Bxh7+ Kxh7 19. Qh5+ Kg8 20. Qxf7+ Kh7 21. Nxd7 Bxd4 22. Ne4 Qe7 23. Qh5+ Kg8 24. Ndc5 e5 25. Ng5 Qf6 26. Qh7+ Kf8 27. Nd7+ 1-0

[Event "EU-ch U14 Girls"]
[Site "Batumi"]
[Date "2010.09.23"]
[Round "4"]
[White "Kokhreidze, Tatia"]
[Black "Choladze, Mariam"]
[Result "1-0"]
[WhiteElo "1569"]
[BlackElo "1780"]
[PlyCount "87"]
[EventDate "2010.09.20"]
[EventType "swiss"]
[EventRounds "9"]
[EventCountry "GEO"]
[SourceTitle "CBM 138 Extra"]
[Source "ChessBase"]
[SourceDate "2010.10.29"]
[SourceVersion "1"]
[SourceVersionDate "2010.10.29"]
[SourceQuality "1"]

1. e4 c5 2. Nf3 d6 3. d4 cxd4 4. Nxd4 Nf6 5. Nc3 a6 6. Bg5 e6 7. f4 Be7 8. Qf3 Qc7 9. 0-0-0 h6 10. Bxf6 gxf6 11. Qg3 Bf8 12. f5 e5 13. Nb3 b5 14. Nd5 Qd8 15. Qc3 Ra7 16. Na5 h5 17. Kb1 Be7 18. Be2 Bd7 19. h4 Bc8 20. Rhg1 Qd7 21. Nb6 Qd8 22. Qxc8 0-0 23. Qxd8 Bxd8 24. Nd5 Bxa5 25. Nxf6+ Kh8 26. Bxh5 Bd8 27. Nd5 Kg7 28. f6+ Kh6 29. Be2 Nd7 30. g4 Nc5 31. g5+ Kh7 32. Bf3 Ne6 33. c3 Rg8 34. Bg4 Nc7 35. Bf5+ Kh8 36. Nxc7 Bxc7 37. h5 Rd8 38. Rd5 Bb6 39. Rg3 Bf2 40. Rh3 Rc7 41. g6 fxg6 42. hxg6+ Kg8 43. Be6+ Kf8 44. Rh8# 1-0